000 00586nam a2200193Ia 4500
005 20260120124628.0
008 008 260114s9999 xx 000 0 eng d
020 _a9780762311439
037 _aEBOOK
040 _aCRL
_beng
_cCRL
041 _aeng
_2eng
084 _qCRL
245 0 _aAdvances in Accounting Education Teaching and Curriculum Innovations
260 _bEmerald Publishing
_c2004
700 _aBill N. Schwartz
_9908578
856 _uhttps://www.emerald.com/insight/publication/doi/10.1016/S1085-4622(2004)6
942 _cEBOOK
999 _c1500476
_d1500476